The noble scholar, jurist, historian


 His Excellency Dr. Abdul Wahhab bin Ibrahim Abu Sulaiman, may Allah have mercy on him.


 He was born in Umm Al-Qura in the year 1356 AH.

دار السيدة خديجة بنت خويلد رضى الله عنها في مكة المكرمة : (Record no. 10052)

MARC details
000 -LEADER
fixed length control field 01296cam a22002891i 4500
003 - CONTROL NUMBER IDENTIFIER
control field SA-RiAUC
005 - DATE AND TIME OF LATEST TRANSACTION
control field 20250718135120.0
008 - FIXED-LENGTH DATA ELEMENTS--GENERAL INFORMATION
fixed length control field 250717s2013 su f 00010dara c
020 ## - INTERNATIONAL STANDARD BOOK NUMBER
International Standard Book Number 9786038129210
020 ## - INTERNATIONAL STANDARD BOOK NUMBER
International Standard Book Number 1905122446
040 ## - CATALOGING SOURCE
Original cataloging agency SA-MaUQU
Language of cataloging ara
Transcribing agency SA-RiAUC.
Description conventions rda
043 ## - GEOGRAPHIC AREA CODE
Geographic area code a-su---
082 04 - DEWEY DECIMAL CLASSIFICATION NUMBER
Classification number 953.121
Assigning agency SA-RiAUC
090 ## - LOCALLY ASSIGNED LC-TYPE CALL NUMBER (OCLC); LOCAL CALL NUMBER (RLIN)
Classification number (OCLC) (R) ; Classification number, CALL (RLIN) (NR) 953.121
Local cutter number (OCLC) ; Book number/undivided call number, CALL (RLIN) ي م ا
100 1# - MAIN ENTRY--PERSONAL NAME
Personal name يماني، أحمد زكي،
Dates associated with a name 1349 هجري-
Relator term مؤلف.
245 10 - TITLE STATEMENT
Title دار السيدة خديجة بنت خويلد رضى الله عنها في مكة المكرمة :
Remainder of title دراسة تاريخية للدار وموقعها وعمارتها /
Statement of responsibility, etc. تأليف أحمد زكي يماني.
250 ## - EDITION STATEMENT
Edition statement الطبعة الأولى.
264 #1 - PRODUCTION, PUBLICATION, DISTRIBUTION, MANUFACTURE, AND COPYRIGHT NOTICE
Place of production, publication, distribution, manufacture مكة المكرمة :
Name of producer, publisher, distributor, manufacturer مؤسسة الفرقان للتراث الإسلامي،
Date of production, publication, distribution, manufacture, or copyright notice 2013
300 ## - PHYSICAL DESCRIPTION
Extent 172 صفحة ؛
Dimensions 24 سم
336 ## - CONTENT TYPE
Content type term نص
Content type code txt
Source rdacontent
Materials specified كتاب
337 ## - MEDIA TYPE
Media type term بدون وسيط
Media type code n
Source rdamedia
338 ## - CARRIER TYPE
Carrier type term مجلد
Carrier type code nc
Source rdacarrier
600 17 - SUBJECT ADDED ENTRY--PERSONAL NAME
Personal name أم المؤمنين، خديجة بنت خويلد بن أسد،
Dates associated with a name 68-3 قبل الهجرة
General subdivision مساكن وأماكن الارتياد
Source of heading or term aucnm
651 #7 - SUBJECT ADDED ENTRY--GEOGRAPHIC NAME
Geographic name مكة المكرمة
General subdivision آثار إسلامية
Source of heading or term aucsh
942 ## - ADDED ENTRY ELEMENTS (KOHA)
Source of classification or shelving scheme Dewey Decimal Classification
Koha item type Books
Suppress in OPAC No
949 ## - LOCAL PROCESSING INFORMATION (OCLC)
a SA-JeALM
d 250717
u mohamedma123
n 1
Holdings
Withdrawn status Lost status Source of classification or shelving scheme Damaged status Not for loan Home library Current library Date acquired Total checkouts Full call number Barcode Date last seen Price effective from Koha item type
    Dewey Decimal Classification     DR AbdElwahab Library DR AbdElwahab Library 07/18/2025   953.121 ي م ا 000016367 07/18/2025 07/18/2025 Books